000 00878nam a22002655i 4500
001 15369191
003 EG-ScBUE
005 20251216100313.0
008 080716t2008 gw a f b 001 0 eng
020 _a9783540748540 (hard cover)
040 _aEG-ScBUE
_beng
_erda
_cEG-ScBUE
_dEG-ScBUE
082 0 4 _222
_a549.13
_bBAL
100 1 _aBaláž, P.
_94067
_q(Peter),
_d1947-
_eauthor.
245 1 0 _aMechanochemistry in nanoscience and minerals engineering /
_cPeter Baláž.
264 1 _aBerlin :
_bSpringer-Verlag,
_c[2008]
264 4 _cc2008
300 _axiii, 413 pages :
_billustrations ;
_c20 cm
336 _2rdacontent
_atext
_btxt
337 _aunmediated
_2rdamedia
_bn
338 _avolume
_bnc
_2rdacarrier
504 _aIncludes bibliographical references and index.
650 7 _94066
_aMineralogical chemistry.
_2BUEsh
655 _vReading book
942 _2ddc
_cBB
999 _c11385
_d11385